Online katalóg knižníc regiónu Turca

O Jankovi Polienkovi (Record no. 22721)

MARC details
000 -LEADER
fixed length control field 01641cam a2200481 a 4500
001 - CONTROL NUMBER
control field 22721
003 - CONTROL NUMBER IDENTIFIER
control field SK-KTurca
005 - DATE AND TIME OF LATEST TRANSACTION
control field 20260421152525.0
008 - FIXED-LENGTH DATA ELEMENTS--GENERAL INFORMATION
fixed length control field 240226s1991 xo af ar 000 j slo
015 ## - NATIONAL BIBLIOGRAPHY NUMBER
National bibliography number SNBA1991/10
020 ## - INTERNATIONAL STANDARD BOOK NUMBER
International Standard Book Number 8006002991
Qualifying information (brožované)
035 ## - SYSTEM CONTROL NUMBER
System control number SNK000006392
035 ## - SYSTEM CONTROL NUMBER
System control number urn:nbn:sk:snk-amlkxp
035 ## - SYSTEM CONTROL NUMBER
System control number urn:nbn:sk:snk-am00bp47
035 ## - SYSTEM CONTROL NUMBER
System control number 63655C32-6C2C-4C6D-A159-928EC868A7E0
040 ## - CATALOGING SOURCE
Original cataloging agency SNK
Language of cataloging slo
Transcribing agency SNK
Description conventions AACR2
041 0# - LANGUAGE CODE
Language code of text/sound track or separate title slo
044 ## - COUNTRY OF PUBLISHING/PRODUCING ENTITY CODE
MARC country code xo
ISO country code SK
072 #7 - SUBJECT CATEGORY CODE
Subject category code 821.162.4-3
Subject category code subdivision Slovenská próza
Source konspekt
072 #7 - SUBJECT CATEGORY CODE
Subject category code 821-93
Subject category code subdivision Literatúra pre deti a mládež (beletria)
Source konspekt
080 ## - UNIVERSAL DECIMAL CLASSIFICATION NUMBER
Universal Decimal Classification number 82=025
Edition identifier 2011
080 ## - UNIVERSAL DECIMAL CLASSIFICATION NUMBER
Universal Decimal Classification number 821.162.4-34
Edition identifier 2011
080 ## - UNIVERSAL DECIMAL CLASSIFICATION NUMBER
Universal Decimal Classification number 398.21
Edition identifier 2011
080 ## - UNIVERSAL DECIMAL CLASSIFICATION NUMBER
Universal Decimal Classification number 82-93-053.4/.5
Edition identifier 2011
100 1# - MAIN ENTRY--PERSONAL NAME
Personal name Ďuríčková, Mária,
Dates associated with a name 1919-2004
Relationship aut
245 10 - TITLE STATEMENT
Title O Jankovi Polienkovi
Statement of responsibility, etc. slovenskú ľudovú rozprávku podáva Mária Ďuríčková ; [ilustroval Peter Kľúčik]
250 ## - EDITION STATEMENT
Edition statement 1. samost. vyd.
260 ## - PUBLICATION, DISTRIBUTION, ETC.
Place of publication, distribution, etc. Bratislava
Name of publisher, distributor, etc. Mladé letá
Date of publication, distribution, etc. 1991
300 ## - PHYSICAL DESCRIPTION
Extent [12] nečíslovaných strán
Other physical details farebné ilustrácie
Dimensions 32 cm
490 1# - SERIES STATEMENT
Series statement Leporelá
500 ## - GENERAL NOTE
General note Názov prevzatý z titulky
521 1# - TARGET AUDIENCE NOTE
Target audience note Pre deti predškolského veku
650 07 - SUBJECT ADDED ENTRY--TOPICAL TERM
Topical term or geographic name entry element literárne adaptácie
Source of heading or term SNKPH
655 #7 - INDEX TERM--GENRE/FORM
Genre/form data or focus term slovenské ľudové rozprávky
Source of term SNKPH
655 #7 - INDEX TERM--GENRE/FORM
Genre/form data or focus term leporelá
Source of term SNKPH
655 #7 - INDEX TERM--GENRE/FORM
Genre/form data or focus term literatúra pre deti a mládež
Source of term SNKPH
655 #7 - INDEX TERM--GENRE/FORM
Genre/form data or focus term ilustrované publikácie
Source of term SNKPH
700 1# - ADDED ENTRY--PERSONAL NAME
Personal name Kľúčik, Peter,
Dates associated with a name 1953-
Relationship ill
700 1# - ADDED ENTRY--PERSONAL NAME
Personal name Ďuríčková, Mária,
Dates associated with a name 1919-2004
Relationship aut
830 #0 - SERIES ADDED ENTRY--UNIFORM TITLE
Uniform title Leporelá
942 ## - ADDED ENTRY ELEMENTS (KOHA)
Source of classification or shelving scheme Dewey Decimal Classification
Koha item type Krásna literatúra pre deti
Suppress in OPAC No
Holdings
Stav vyradenia Strata Poškodenie Spôsob nadobudnutia Domovská knižnica Aktuálna knižnica Dátum nadobudnutia Total checkouts Čiarový kód exemplára Date last seen Typ exemplára
      Dar Obecná knižnica Horná Štubňa Obecná knižnica Horná Štubňa 21.04.2026   4736202251 21.04.2026 Krásna literatúra pre deti
Projekt je podporený Slovenskou asociáciou knižníc
Prevádzkuje Turčianska knižnica Martin 2026